Normal view
MARC view
- Cheremisinoff,Nicholas p.
Entry Personal Name
001 - CONTROL NUMBER
- control field: 2953
003 - CONTROL NUMBER IDENTIFIER
- control field: NUST
005 - DATE AND TIME OF LATEST TRANSACTION
- control field: 20170620133238.0
008 - FIXED-LENGTH DATA ELEMENTS
- fixed length control field: 170620|| aca||aabn | a|a d
040 ## - CATALOGING SOURCE
- Original cataloging agency: NUST
- Transcribing agency: NUST
100 ## - HEADING--PERSONAL NAME
- Personal name: Cheremisinoff,Nicholas p.
670 ## - SOURCE DATA FOUND
- Source citation: Work cat.: (NUST): Cheremisinoff,Nicholas p., Environmental Health and Safety Management:, 2003
